000 00424nam a2200157 i 4500
001 bg
100 1 _aHIPPE, Zdzisław
245 0 _aĆwiczenia laboratoryjne z chemii fizycznej /
_cZdzisław Hippe, Barbara Dębska, Alicja Kerste.
260 _aRzeszów,
_c1975.
700 1 _aDĘBSKA, Barbara
700 1 _aKERSTE, Alicja
040 _cBPK
041 _apol
942 _cKS
008 s pl f |000 0 pol
999 _c16371
_d16371
856 _uhttp://koha.tu.koszalin.pl/cgi-bin/koha/opac-detail.pl?biblionumber=16371
_yKatalog online BPK